[Event "SLO-ch (Women)"]
[Site "Kranj"]
[Date "1999.10.03"]
[Round "2"]
[White "Mihevc, Narcisa"]
[Black "Grosar, Kiti"]
[Result "0-1"]
[WhiteElo "2154"]
[BlackElo "2234"]

1.e4 c5 2.Nf3 d6 3.d4 cxd4 4.Nxd4 Nf6 5.Nc3 a6 6.Be3 Ng4 7.Bc1 Nc6 8.h3 Nf6
9.Be3 e6 10.Qd2 Qc7 11.O-O-O Be7 12.g4 b5 13.g5 Nd7 14.f4 Nc5 15.Nxc6 Qxc6
16.Bg2 Bb7 17.Qd4 O-O 18.h4 a5 19.h5 Rfd8 20.h6 Bf8 21.a3 Rab8 22.Rh2 g6
23.f5 b4 24.axb4 axb4 25.Qxb4 Ba8 26.Qa5 Qb7 27.Qa2 Qc7 28.fxg6 hxg6 29.Bd4 Kh7
30.Rf1 Rb4 31.Bxc5 dxc5 32.Rh4 Bd6 33.Bh3 Qe7 34.Rg4 Be5 35.Qa5 Bc6 36.Rg2 Ra8
37.Qxa8 Bxa8  0-1

[Event "SLO-ch"]
[Site "Kranj"]
[Date "1999.10.03"]
[Round "2"]
[White "Podlesnik, Bogdan"]
[Black "Orel, Oskar"]
[Result "1-0"]
[WhiteElo "2403"]
[BlackElo "2313"]

1.e4 c5 2.Nf3 d6 3.d4 cxd4 4.Nxd4 Nf6 5.Nc3 a6 6.Be3 e6 7.f4 Qc7 8.Qf3 b5
9.Bd3 Bb7 10.g4 Nc6 11.g5 Nd7 12.O-O-O Nxd4 13.Bxd4 b4 14.Ne2 Nc5 15.Kb1 Rc8
16.h4 e5 17.Be3 Nxd3 18.cxd3 g6 19.Rc1 Qd7 20.Ng3 Rxc1+ 21.Rxc1 h6 22.f5 Be7
23.f6 Bd8 24.gxh6 Qe6 25.Bg5 O-O 26.h7+ Kxh7 27.h5 Kg8 28.Rh1 Bc8 29.Qf2 Qg4
30.Bh6 Re8 31.hxg6 Bb6 32.Bg7 fxg6 33.f7+  1-0

[Event "Tatry op"]
[Site "Tatranska Lomnica"]
[Date "1999.10.03"]
[Round "2"]
[White "Odler, Daniel"]
[Black "Likavsky, Tomas"]
[Result "0-1"]
[WhiteElo "2159"]
[BlackElo "2366"]

1.e4 c5 2.Nf3 d6 3.d4 cxd4 4.Nxd4 Nf6 5.Nc3 a6 6.Be3 e5 7.Nf3 Nbd7 8.Bc4 b5
9.Bd5 Nxd5 10.Nxd5 Bb7 11.O-O Rc8 12.c3 Nc5 13.Bxc5 Rxc5 14.b4 Rc4 15.Qd3 Be7
16.a4 O-O 17.axb5 axb5 18.Nd2 Bxd5 19.exd5 Rc7 20.Ra5 Qd7 21.Rxb5 Rxc3 22.Qxc3 Qxb5
23.Qc4 Rb8 24.Rb1 f5 25.g3 Kf7 26.Qc7 Rb7 27.Qc8 g6 28.Qe6+ Kg7 29.Qc8 Qxd5
30.Nc4 Qe4 31.Rd1 Qf3 32.Rd3 Qxd3 33.Qxb7 Kf6 34.Ne3 Qb1+ 35.Kg2 Qe4+ 36.Qxe4 fxe4
37.b5 Bd8 38.b6 Ke6 39.b7 Bc7 40.Kh3 Kd7 41.Nd5 Kc6 42.Nf6 Kxb7 43.Nxe4 Kc6
44.Kg4 d5 45.Nf6 h5+ 46.Kf3 Bd8 47.Ng8 Kd6 48.g4 Ke6 49.h4 Bxh4  0-1

[Event "Budapest FS10 GM"]
[Site "Budapest"]
[Date "1999.10.06"]
[Round "5"]
[White "Czebe, Attila"]
[Black "Rajlich, Vasik G"]
[Result "1/2-1/2"]
[WhiteElo "2414"]
[BlackElo "2297"]

1.e4 c5 2.Nf3 d6 3.d4 cxd4 4.Nxd4 Nf6 5.Nc3 a6 6.Be3 e5 7.Nb3 Be6 8.f4 Ng4
9.Bd2 exf4 10.Bxf4 Nc6 11.Qd2 Be7 12.Nd5 Bxd5 13.exd5 Nce5 14.Be2 O-O 15.O-O Qb6+
16.Qd4 Bd8 17.c3 Nf6 18.Kh1 Re8 19.Rae1 Bc7 20.Qa4 Nxd5 21.Bxe5 dxe5 22.Bf3 Ne3
23.Bxb7 Rad8 24.Rg1 Qxb7 25.Rxe3 Bb6 26.Nd4 Qc8 27.Rge1 Kf8 28.Nc6 Bxe3 29.Nxd8 Rxd8
30.Rxe3 Qc4 31.Qa3+ Kg8 32.Re1 Qe2 33.Rg1 Rd1 34.h3 Rxg1+ 35.Kxg1 e4 36.Qe7 h5
37.Qe8+ Kh7 38.Qxf7 Qd1+ 39.Kh2 Qd6+ 40.Kg1 Qd1+ 41.Kh2 Qd6+  1/2-1/2

[Event "EU-ch U20 Girls"]
[Site "Patras"]
[Date "1999.10.06"]
[Round "2"]
[White "Henriques, Sofia"]
[Black "Sperdokli, Elli"]
[Result "1-0"]
[WhiteElo "2018"]
[BlackElo "2124"]

1.e4 c5 2.Nf3 d6 3.d4 cxd4 4.Nxd4 Nf6 5.Nc3 a6 6.Be3 Ng4 7.Bg5 h6 8.Bh4 g5
9.Bg3 Bg7 10.Be2 h5 11.Bxg4 Bxg4 12.f3 Bd7 13.Qd2 Nc6 14.Nxc6 bxc6 15.Qxg5 Bh6
16.Qh4 Qb6 17.Rb1 Qe3+ 18.Kf1 Be6 19.Bf2 Qd2 20.e5 Bg7 21.exd6 exd6 22.Qe4 d5
23.Qa4 O-O 24.Rd1 Qg5 25.Bd4 Rab8 26.Ne2 Rfc8 27.Bxg7 Qxg7 28.b3 c5 29.Nf4 Rb4
30.Nxe6 fxe6 31.Qxa6 Re8 32.Kf2 Qc3 33.Qe2 Rb7 34.Rxd5 Ra7 35.a4 exd5 36.Qxe8+ Kg7
37.Qe2 c4 38.b4 Rxa4 39.Qe7+ Kh6 40.Qf8+ Kg5 41.h4+ Kg6 42.Qe8+  1-0

[Event "World Cities-ch 2nd"]
[Site "Shenyang"]
[Date "1999.10.06"]
[Round "4"]
[White "Li Wenjun"]
[Black "Wu Shaobin"]
[Result "0-1"]
[WhiteElo "2342"]
[BlackElo "2496"]

1.e4 c5 2.Nf3 d6 3.d4 cxd4 4.Nxd4 Nf6 5.Nc3 a6 6.Be3 e5 7.Nb3 Be6 8.f3 h5
9.Nd5 Bxd5 10.exd5 Nbd7 11.Qd2 g6 12.O-O-O Rc8 13.Kb1 Bg7 14.c4 O-O 15.Be2 Re8
16.Rc1 b6 17.Rhf1 Nc5 18.Nxc5 bxc5 19.Bg5 Rb8 20.Rc2 e4 21.Qf4 e3 22.g4 a5
23.Rg1 a4 24.Bxf6 Bxf6 25.gxh5 Be5 26.Qg5 Qb6 27.hxg6 Bxb2 28.gxf7+ Kxf7
29.Qg6+ Ke7 30.Qe6+ Kd8 31.Qxe8+ Kxe8 32.Rg8+ Kf7 33.Rxb8 Qxb8 34.Rxb2 Qh8
35.a3 Qxh2 36.Ka2 Kf6 37.Bd1 Qh1 38.Be2 Ke5 39.Rc2 Kf4 40.Kb2 Qh8+ 41.Ka2 Qh1
42.Kb2 Qe1 43.Ka2 Qxe2 44.Rxe2 Kxf3 45.Rh2 e2 46.Rh1 Kg2  0-1

[Event "World Cities-ch 2nd"]
[Site "Shenyang"]
[Date "1999.10.06"]
[Round "5"]
[White "Li Ruofan"]
[Black "Pigusov, Evgeny"]
[Result "0-1"]
[WhiteElo "2262"]
[BlackElo "2609"]

1.e4 c5 2.Nf3 d6 3.d4 cxd4 4.Nxd4 Nf6 5.Nc3 a6 6.Be3 Ng4 7.Bc1 Nf6 8.Be3 e5
9.Nb3 Be6 10.f3 Nbd7 11.g4 Be7 12.Qd2 h6 13.O-O-O b5 14.h4 Nb6 15.Qf2 Nfd7
16.Kb1 Qc7 17.Nd5 Bxd5 18.exd5 Nc4 19.Bc1 Ndb6 20.Bd3 h5 21.Be4 Na4 22.Qg3 Rb8
23.gxh5 Bf6 24.h6 Rxh6 25.Bxh6 gxh6 26.c3 Ncxb2 27.Rc1 Nc4 28.Ka1 Ke7 29.Qe1 Rg8
30.Rh2 Kf8 31.Nd2 Nab6 32.Nxc4 Nxc4 33.Qe2 Qc5 34.Rhh1 Bd8 35.Bd3 Ne3 36.Rhe1 Nxd5
37.c4 Nf4 38.Qe4 b4 39.Kb1 Bxh4 40.Rh1 Bg5 41.Rcg1 Nxd3 42.Qxd3 Ke7 43.Rg4 Rb8
44.Re1 b3 45.axb3 Qa3  0-1

[Event "Asia-chT (Women)"]
[Site "Shenyang"]
[Date "1999.10.11"]
[Round "3"]
[White "Swathi, G."]
[Black "Wang Pin"]
[Result "0-1"]
[WhiteElo "2209"]
[BlackElo "2413"]

1.e4 c5 2.Nf3 d6 3.d4 cxd4 4.Nxd4 Nf6 5.Nc3 a6 6.Be3 e6 7.f3 Nc6 8.Qd2 Be7
9.O-O-O O-O 10.g4 Nd7 11.h4 Nde5 12.Qg2 Qc7 13.g5 b5 14.h5 Nxd4 15.Bxd4 Bb7
16.g6 fxg6 17.hxg6 h6 18.Bxe5 dxe5 19.Rh5 b4 20.Nb1 Rac8 21.Bd3 Qa5 22.Qd2 Qd8
23.Rg1 Rxf3 24.Kd1 Qd4 25.Rgh1 Rf2 26.Qe1 Rfxc2  0-1

[Event "Wichern op 5th"]
[Site "Hamburg"]
[Date "1999.10.16"]
[Round "2"]
[White "Baramidze, David"]
[Black "Kulaots, Kaido"]
[Result "0-1"]
[WhiteElo "2163"]
[BlackElo "2478"]

1.e4 c5 2.Nf3 d6 3.d4 cxd4 4.Nxd4 Nf6 5.Nc3 a6 6.Be3 Ng4 7.Bg5 h6 8.Bh4 g5
9.Bg3 Bg7 10.Nf5 Bxf5 11.exf5 Qa5 12.Qd3 Nc6 13.Be2 Nge5 14.Qd2 Rc8 15.O-O Nd4
16.f4 gxf4 17.Bxf4 Nxf5 18.Bxe5 Qxe5 19.Bg4 Rxc3 20.Qxc3 Qxc3 21.bxc3 Ne3
22.Bc8 Bxc3 23.Bxb7 Bxa1 24.Rxa1 Kd7 25.Bxa6 Nxc2 26.Bb5+ Ke6 27.Rc1 Nd4
28.Re1+ Kd5 29.Ba6 e5 30.Rc1 e4 31.Kf2 Rb8 32.Ke3 Ke5 33.g4 f5 34.Rc7 f4+
35.Kd2 Rb2+ 36.Kd1 Rb1+ 37.Kd2 e3+  0-1

[Event "Zuglo Hotel op 3rd"]
[Site "Budapest"]
[Date "1999.10.17"]
[Round "2"]
[White "Kovacs, R."]
[Black "Bordas, Gyula"]
[Result "0-1"]
[WhiteElo "2051"]
[BlackElo "2111"]

1.e4 c5 2.Nf3 d6 3.d4 cxd4 4.Nxd4 Nf6 5.Nc3 a6 6.Be3 Ng4 7.Bg5 h6 8.Bh4 g5
9.Bg3 Nc6 10.Be2 h5 11.Bxg4 Bxg4 12.f3 Bd7 13.Bf2 Rc8 14.Qd2 Ne5 15.b3 b5
16.Be3 f6 17.O-O h4 18.Nd5 Bg7 19.f4 e6 20.fxe5 dxe5 21.Nxf6+ Bxf6 22.Nf3 Rg8
23.Qf2 Qe7 24.Rad1 Rg6 25.Rd2 g4 26.Ne1 Bc6 27.Bc5 Qg7 28.Rd6 Be7 29.Rd2 g3
30.Qe3 Bg5 31.Qd3 gxh2+ 32.Kh1 Bxd2 33.Rf8+ Qxf8 34.Bxf8 Kxf8 35.Qxd2 h3
36.Kxh2 hxg2 37.Kg1 Kg7 38.Qd6 Rf8 39.Qxe5+ Kg8 40.Nxg2 Rf7 41.Qb8+ Kh7 42.Qh2+ Rh6
43.Qe5 b4 44.Nf4 Bb5 45.Kg2 Rhf6 46.Nh5 Rg6+ 47.Kh3 Rf1 48.Kh2 Rf2+ 49.Kh1 Be2
50.Ng3 Bf3+ 51.Kg1 Rg2+ 52.Kf1 R2xg3 53.Kf2 Bd1 54.Qc7+ Rg7 55.Qc5 Rg2+ 56.Ke3 R7g3+
57.Kd4 Rd2+  0-1

[Event "Wichern op 5th"]
[Site "Hamburg"]
[Date "1999.10.20"]
[Round "7"]
[White "Haucke, Alexander"]
[Black "Kempinski, Robert"]
[Result "1/2-1/2"]
[WhiteElo "2173"]
[BlackElo "2549"]

1.e4 c5 2.Nf3 d6 3.d4 cxd4 4.Nxd4 Nf6 5.Nc3 a6 6.Be3 Ng4 7.Bg5 h6 8.Bh4 g5
9.Bg3 Bg7 10.Be2 h5 11.Bxg4 Bxg4 12.f3 Bd7 13.Bf2 Nc6 14.Qd2 Ne5 15.b3 Qa5
16.Nde2 g4 17.f4 Nc6 18.Rd1 Rd8 19.O-O f5 20.Qe3 b5 21.a4 bxa4 22.Rd5 Qc7
23.exf5 O-O 24.f6 exf6 25.Rxh5 Rfe8 26.Qd3 Be6 27.Nd4 Nb4 28.Nxe6 Rxe6 29.Qh7+ Kf8
30.Bd4 Rde8 31.Rh6 Qe7 32.Rg6 a3 33.Qh4 a2 34.Ne4 Rxe4 35.Bxf6 Qa7+ 36.Kh1 Bxf6
37.Rxf6+ Ke7 38.Rd1 Re6 39.Rxe6+ Kxe6 40.Qh6+ Kd7 41.Qxd6+ Kc8 42.Qxb4 Qd7
43.Qc5+ Qc7 44.Qa3  1/2-1/2

[Event "Wch U18"]
[Site "Oropesa del Mar"]
[Date "1999.10.26"]
[Round "3"]
[White "Sebe, Florin"]
[Black "Kokorev, Dmitry"]
[Result "0-1"]
[WhiteElo "2262"]
[BlackElo "2370"]

1.e4 c5 2.Nc3 d6 3.Nf3 a6 4.d4 cxd4 5.Nxd4 Nf6 6.Be3 e5 7.Nb3 Be7 8.f3 Be6
9.Qd2 Nbd7 10.O-O-O b5 11.g4 h6 12.h4 Nb6 13.Qf2 Rb8 14.Kb1 Nc4 15.Bxc4 bxc4
16.Nc5 Qa5 17.N5a4 Nd7 18.a3 O-O 19.Ka1 Rb7 20.Rhg1 Rfb8 21.Bc1 Nf8 22.Qe1 Ng6
23.g5 h5 24.Qe2 Bf8 25.Rgf1 Nf4 26.Bxf4 exf4 27.Rg1 g6 28.Qd2 Bg7 29.Qxd6 Be5
30.Qd2 Rb4 31.axb4 Rxb4 32.Na2 c3  0-1

[Event "Wch U12 Girls"]
[Site "Oropesa del Mar"]
[Date "1999.10.27"]
[Round "4"]
[White "Vega Gutierrez, Sabrina"]
[Black "Dzagnidze, Nana"]
[Result "0-1"]
[WhiteElo "2228"]
[BlackElo "2097"]

1.e4 c5 2.Nf3 d6 3.d4 cxd4 4.Nxd4 Nf6 5.Nc3 a6 6.Be3 Ng4 7.Bg5 h6 8.Bh4 g5
9.Bg3 Bg7 10.Be2 h5 11.Bxg4 hxg4 12.O-O Nc6 13.Nf5 Bxf5 14.exf5 Ne5 15.Ne4 Qd7
16.f6 Bxf6 17.Nxf6+ exf6 18.Qd2 Rc8 19.Rad1 Rd8 20.Rfe1 Qc7 21.Qd3 O-O 22.Qf5 Kg7
23.c3 Qc4 24.Qb1 Qe6 25.Rd3 f5 26.Bxe5+ dxe5 27.Red1 Rxd3 28.Qxd3 Re8 29.c4 e4
30.Qc3+ Kg8 31.Rd5 b5 32.Qe3 f6 33.Qa7 Re7 34.Qa8+ Kg7 35.cxb5 e3  0-1

[Event "Wch U16"]
[Site "Oropesa del Mar"]
[Date "1999.10.29"]
[Round "6"]
[White "Tripoteau, N."]
[Black "Jobava, Baadur"]
[Result "0-1"]
[WhiteElo "2235"]
[BlackElo "2330"]

1.e4 c5 2.Nf3 d6 3.d4 cxd4 4.Nxd4 Nf6 5.Nc3 a6 6.Be3 Ng4 7.Bg5 h6 8.Bh4 g5
9.Bg3 Bg7 10.Be2 h5 11.Nf5 Bxf5 12.exf5 h4 13.Bd3 Nf6 14.f4 hxg3 15.fxg5 Rxh2
16.Rxh2 gxh2 17.Kd2 Qb6 18.Qf3 Nc6 19.Re1 Ne5 20.Qg3 Nxd3 21.Kxd3 Nh5 22.Qh4 Bxc3
23.bxc3 Qg1 24.g6 Nf4+ 25.Kd2 Qxg2+ 26.Kd1 Qd5+ 27.Kc1 Ne2+ 28.Kb2 Qb5+ 29.Ka1 Qe5
30.gxf7+ Kd7  0-1

[Event "Wch U16 Girls"]
[Site "Oropesa del Mar"]
[Date "1999.10.31"]
[Round "7"]
[White "Georgieva, Liubka"]
[Black "Pratibha, Y."]
[Result "0-1"]
[WhiteElo "2162"]
[BlackElo "2096"]

1.e4 c5 2.Nf3 d6 3.d4 cxd4 4.Nxd4 Nf6 5.Nc3 a6 6.Be3 e5 7.Nb3 Ng4 8.Bd2 Nf6
9.Be2 b5 10.O-O Bb7 11.f3 Qb6+ 12.Kh1 Nbd7 13.Re1 b4 14.Nb1 a5 15.a4 Bc6
16.c3 Nc5 17.cxb4 axb4 18.Nxc5 Qxc5 19.Bf1 Be7 20.b3 O-O 21.Be3 Qa5 22.Nd2 d5
23.exd5 Nxd5 24.Nc4 Qc7 25.Bf2 Bf6 26.Rc1 Rfd8 27.Qc2 Bb7 28.Bd3 g6 29.Be4 Rac8
30.Red1 Bg5 31.Ra1 f5 32.Bxd5+ Rxd5 33.Qe2 Rcd8 34.Bb6 Rxd1+ 35.Rxd1 Rxd1+
36.Qxd1 Qc6 37.Qd6 Qxd6 38.Nxd6 Bd5 39.Bc5 Bd2 40.a5 Bxb3 41.a6 Bd5 42.Nc8 b3
43.Ba3 Bb4 44.Bb2 e4 45.a7 e3 46.Bc3 b2 47.Bxb2 e2 48.Ne7+ Kf7  0-1

[Event "Wch U16"]
[Site "Oropesa del Mar"]
[Date "1999.11.01"]
[Round "8"]
[White "Fernandez Romero, Ernest"]
[Black "Jobava, Baadur"]
[Result "0-1"]
[WhiteElo "2214"]
[BlackElo "2330"]

1.e4 c5 2.Nf3 d6 3.d4 cxd4 4.Nxd4 Nf6 5.Nc3 a6 6.Be3 Ng4 7.Bg5 h6 8.Bh4 g5
9.Bg3 Bg7 10.h3 Ne5 11.Nf5 Bxf5 12.exf5 Nbc6 13.Be2 Nd4 14.Bxe5 Bxe5 15.Bg4 h5
16.Bf3 Qb6 17.O-O g4 18.Nd5 Qc5 19.Be4 e6 20.b4 Qc4 21.Nb6 Ne2+ 22.Qxe2 Qxe2
23.Bd3 Qd2 24.Rad1 Qf4 25.g3 Qf3  0-1

[Event "Wch U18 Girls"]
[Site "Oropesa del Mar"]
[Date "1999.11.01"]
[Round "8"]
[White "Timko, Melinda"]
[Black "Makovetskaya, Elena"]
[Result "1/2-1/2"]
[WhiteElo "2034"]
[BlackElo "2205"]

1.e4 c5 2.Nf3 d6 3.d4 cxd4 4.Nxd4 Nf6 5.Nc3 a6 6.Be3 Ng4 7.Bg5 h6 8.Bh4 g5
9.Bg3 Bg7 10.Be2 h5 11.Nf5 Bxf5 12.exf5 Qa5 13.O-O Bxc3 14.bxc3 Qxf5 15.Rb1 Nf6
16.Re1 O-O 17.h3 h4 18.Bh2 Ne4 19.Qd4 Nc6 20.Qe3 Nc5 21.Bd3 Nxd3 22.cxd3 b5
23.d4 Rfe8 24.g4 hxg3 25.Qxg3 e5 26.Qg2 Rac8 27.Rbd1 Na5 28.Re4 Rxc3 29.Rg4 f6
30.h4 Qf3 31.Qxf3 Rxf3 32.dxe5 dxe5 33.Kg2 Rc3 34.Rd6 Rc6 35.Rd7 Nc4 36.hxg5 f5
37.Rh4 Rg6 38.f4 exf4 39.Bxf4 Rg7 40.Rxg7+ Kxg7 41.Kf3 Re6 42.Rh6 Rg6 43.Ke2 Nb6
44.Kd3 Nd5 45.Be5+ Kf7 46.a3 Rxh6 47.gxh6 Kg6 48.Kd4 Ne7 49.Kc5 Kxh6 50.Kb6 Nd5+
51.Kc5  1/2-1/2

[Event "Wch U18"]
[Site "Oropesa del Mar"]
[Date "1999.11.01"]
[Round "8"]
[White "Acs, Peter"]
[Black "Berkvens, Joost"]
[Result "1-0"]
[WhiteElo "2525"]
[BlackElo "2268"]

1.e4 c5 2.Nf3 d6 3.d4 cxd4 4.Nxd4 Nf6 5.Nc3 a6 6.Be3 e5 7.Nb3 Be6 8.Be2 Nbd7
9.O-O b5 10.f4 b4 11.Nd5 Bxd5 12.exd5 Nb6 13.Qd2 Be7 14.fxe5 dxe5 15.d6 Bxd6
16.Rad1 Nc8 17.Nc5 Qe7 18.Rxf6 Bxc5 19.Rxa6 Rb8 20.Ra5 Bxe3+ 21.Qxe3 e4 22.Qg3  1-0

[Event "Chigorin mem"]
[Site "St Petersburg"]
[Date "1999.11.02"]
[Round "1"]
[White "Yemelin, Vasily"]
[Black "Lugovoi, Aleksei"]
[Result "1/2-1/2"]
[WhiteElo "2500"]
[BlackElo "2509"]

1.e4 c5 2.Nf3 d6 3.d4 cxd4 4.Nxd4 Nf6 5.Nc3 a6 6.Be3 Ng4 7.Bc1 Nf6 8.Bg5 e6
9.f4 Qb6 10.Qd2 Qxb2 11.Rb1 Qa3 12.f5 Nc6 13.fxe6 fxe6 14.Nxc6 bxc6 15.Be2 Be7
16.O-O O-O 17.Rb3 Qc5+ 18.Be3  1/2-1/2

[Event "Chigorin mem"]
[Site "St Petersburg"]
[Date "1999.11.03"]
[Round "2"]
[White "Anisimov, Pavel"]
[Black "Loginov, Valery A"]
[Result "1-0"]
[WhiteElo "2318"]
[BlackElo "2530"]

1.e4 c5 2.Nf3 d6 3.d4 cxd4 4.Nxd4 Nf6 5.Nc3 a6 6.Be3 e5 7.Nb3 Be7 8.f3 O-O
9.Qd2 Be6 10.O-O-O a5 11.Bb5 Nc6 12.Kb1 Kh8 13.Qf2 Nd7 14.g4 Bh4 15.Qd2 Be7
16.Qf2 Nb4 17.a3 Na6 18.Rd2 Nc7 19.Rhd1 Qb8 20.Bxd7 Bxd7 21.Bb6 Ne6 22.Bxa5 Ra6
23.Bb4 Rd8 24.h4 Bf8 25.g5 Be8 26.Nd5 Ba4 27.Rd3 Rc6 28.f4 Rc4 29.f5 Nc5
30.Bxc5 dxc5 31.Qe2 b5 32.Qh5 Rc8 33.Qxf7 Rxe4 34.f6 c4 35.Ne7 Bxe7 36.Qxg7+  1-0

[Event "Chigorin mem"]
[Site "St Petersburg"]
[Date "1999.11.04"]
[Round "3"]
[White "Barbitskij, Aleksey"]
[Black "Loginov, Valery A"]
[Result "1/2-1/2"]
[WhiteElo "2189"]
[BlackElo "2530"]

1.e4 c5 2.Nf3 d6 3.d4 cxd4 4.Nxd4 Nf6 5.Nc3 a6 6.Be3 e5 7.Nb3 Be7 8.f3 O-O
9.Qd2 Be6 10.O-O-O a5 11.Bb5 Na6 12.g4 Nc7 13.Bb6 Qc8 14.Bxc7 Qxc7 15.a4 d5
16.Nxd5 Nxd5 17.exd5 Rfd8 18.Kb1 Bxd5 19.Qe2 Rac8 20.Nc1 Rd6 21.Nd3 Bf6 22.Nf2 Rdd8
23.Ne4 Be7 24.Rd3 Be6 25.Ng3 Rxd3 26.Bxd3 g6 27.Bb5 Rd8 28.h4 Rd4 29.h5 Rb4
30.Ne4 g5 31.Rd1 Rd4 32.Rxd4 exd4 33.Qd2 Qd8 34.Qd3 Qd5 35.b3 Qe5 36.Bc4 Bd7
37.c3 Kf8 38.Qxd4 Qxd4 39.cxd4 f5 40.Nf2 Bf6 41.gxf5 Bxd4 42.Ne4 Bxf5 43.Ka2 Bxe4
44.fxe4 g4 45.Be2 g3 46.Bf3 Kg7 47.Kb1 Kh6 48.Kc2 Kg5 49.Kd3 Be5 50.Ke3 h6
51.Ke2 Kf4 52.Bg2 Kg4 53.Bf3+ Kh4 54.Kf1 Kh3 55.Kg1 b6 56.Kh1 Bd4 57.e5 Bxe5
58.Bb7 Kg4 59.Kg2 Kxh5 60.Bc8 Kg5 61.Bd7 h5 62.Bc8 Kf4 63.Bd7 Bf6 64.Be8 h4
65.Bd7 Ke3 66.Bc8 Kd4 67.Bd7 Bd8 68.Bc8 Kc3 69.Be6 b5 70.axb5 Kb4 71.Bf7 Kxb5
72.Bc4+ Kc5 73.Be6 Kd4 74.Bc8 Kd5 75.Bh3 Bb6 76.Bc8 Bf2 77.Bh3 Kc5 78.Bc8 Kb4
79.Be6 Kc3 80.Bg8  1/2-1/2

[Event "Chigorin mem"]
[Site "St Petersburg"]
[Date "1999.11.04"]
[Round "3"]
[White "Solovjov, Sergey"]
[Black "Voitsekhovsky, Stanislav"]
[Result "1-0"]
[WhiteElo "2467"]
[BlackElo "2544"]

1.e4 c5 2.Nf3 d6 3.d4 cxd4 4.Nxd4 Nf6 5.Nc3 a6 6.Be3 e6 7.g4 h6 8.f3 b5 9.Qd2 Bb7
10.O-O-O Nbd7 11.h4 b4 12.Nce2 d5 13.Bh3 dxe4 14.g5 hxg5 15.hxg5 exf3 16.Ng3 Rxh3
17.Rxh3 Ng4 18.g6 Ndf6 19.Rh8 Qe7 20.Ndf5 exf5 21.Nxf5  1-0

[Event "28th It"]
[Site "Lazarevac YUG"]
[Date "1999.11.05"]
[Round "6"]
[White "Pikula,D"]
[Black "Colovic,A"]
[Result "1-0"]
[WhiteElo "2480"]
[BlackElo "2423"]

1.e4 c5 2.Nf3 d6 3.d4 cxd4 4.Nxd4 Nf6 5.Nc3 a6 6.Be3 e5 7.Nb3 Be6 8.f3 Nbd7
9.g4 b5 10.g5 Nh5 11.Qd2 Be7 12.O-O-O Nb6 13.Nd5 Nxd5 14.exd5 Bd7 15.Na5 Qc7
16.Kb1 O-O 17.c4 f6 18.Rc1 b4 19.Qxb4 Rab8 20.Qd2 fxg5 21.c5 Bf5+ 22.Ka1 Rbc8
23.Bxa6 Ra8 24.cxd6 Qxd6 25.Rc6 Qb8 26.Rb6 Qe8 27.Nc6 Bd6 28.Bb5 Qf7 29.Bc4 Nf4
30.Bb3 Kh8 31.Rc1 Qh5 32.Na5 Nd3 33.Rcc6 Qxf3 34.Rxd6 Rxa5 35.a4 Rfa8 36.Qxa5 Qf1+
37.Ka2  1-0

[Event "Chigorin mem"]
[Site "St Petersburg"]
[Date "1999.11.06"]
[Round "5"]
[White "Chupin, Vitalij"]
[Black "Loginov, Valery A"]
[Result "0-1"]
[WhiteElo "2216"]
[BlackElo "2530"]

1.e4 c5 2.Nf3 d6 3.d4 cxd4 4.Nxd4 Nf6 5.Nc3 a6 6.Be3 e5 7.Nb3 Be7 8.f3 O-O
9.Qd2 Be6 10.O-O-O a5 11.Bb5 Na6 12.Kb1 Nc7 13.Bb6 Qc8 14.Bxc7 Qxc7 15.Nd5 Bxd5
16.exd5 a4 17.Nc1 a3 18.b3 Bd8 19.Qb4 Qb6 20.c4 Ne8 21.Nd3 Nc7 22.Ba4 Qa6
23.Ne1 b5 24.cxb5 Qb6 25.Nc2 f5 26.Qc4 Bf6 27.Qc6 Qa5 28.Nxa3 e4 29.Rc1 Qd2
30.Nc4 Qd3+ 31.Rc2 Nxd5 32.Nb2 Bxb2 33.Kxb2 Qd4+ 34.Kb1 Rac8 35.Qxc8 Rxc8
36.Rxc8+ Kf7 37.Rhc1 e3 38.b6 Nxb6 39.R8c7+ Kg6 40.Bb5 Nd5 41.Rc8 Kh6 42.a3 Qe5
43.Re8 Nc3+ 44.Kc2 Qd4 45.Bd3 Na2  0-1

[Event "Chigorin mem"]
[Site "St Petersburg"]
[Date "1999.11.07"]
[Round "6"]
[White "Vaulin, Alexander"]
[Black "Loskutov, Oleg"]
[Result "1-0"]
[WhiteElo "2492"]
[BlackElo "2359"]

1.e4 c5 2.Nf3 d6 3.d4 cxd4 4.Nxd4 Nf6 5.Nc3 a6 6.Be3 e5 7.Nb3 Be7 8.f3 O-O
9.Qd2 Be6 10.O-O-O b5 11.Kb1 b4 12.Na4 Nbd7 13.Qxb4 d5 14.Bc5 Nxc5 15.Naxc5 a5
16.Nxe6 fxe6 17.Qa4 Qc7 18.exd5 exd5 19.Bd3 Rfb8 20.a3 Kh8 21.Rhe1 Nd7 22.Re2 Bf6
23.c3 Ra7 24.Bc2 g6 25.Ka2 Nb6 26.Qg4 a4 27.Nd2 Qc6 28.Rb1 Nd7 29.h4 Nc5
30.h5 d4 31.Be4 Qa6 32.c4 Nb3 33.hxg6 Qb6 34.Nf1 d3 35.Rd2 Nxd2 36.Nxd2 Qe3
37.Qe6 Bg7 38.Qd6 Rf8 39.Rh1 h6 40.Nb1 Qd4 41.Qxd4 exd4 42.Nd2 Ra5 43.Bxd3 Rg5
44.g4 Re5 45.Kb1 Rf4 46.Kc2 Bf8 47.Be4 d3+ 48.Kxd3 Ra5 49.Nf1 Rf6 50.Ne3 Rb6
51.Kc2 Bg7 52.Rb1 Rb3 53.Nf5 Rc5 54.Bd5 Bf6 55.g5 Rxd5 56.cxd5 Bxg5 57.Re1  1-0

[Event "28th It"]
[Site "Lazarevac YUG"]
[Date "1999.11.08"]
[Round "8"]
[White "Perunovic,Mil"]
[Black "Colovic,A"]
[Result "0-1"]
[WhiteElo "2319"]
[BlackElo "2423"]

1.e4 c5 2.Nf3 d6 3.d4 cxd4 4.Nxd4 Nf6 5.Nc3 a6 6.Be3 e5 7.Nb3 Be6 8.f3 Be7
9.Qd2 h5 10.Nd5 Nxd5 11.exd5 Bf5 12.Be2 a5 13.a4 Bh4+ 14.g3 Bf6 15.O-O Nd7
16.Bb5 O-O 17.Rac1 b6 18.Qf2 Nc5 19.h4 g6 20.Nd2 Bg7 21.c3 Nd3 22.Bxd3 Bxd3
23.Rfe1 Qd7 24.b3 b5 25.axb5 Qxb5 26.c4 Qb7 27.Ra1 a4 28.bxa4 Qb4 29.c5 Rxa4
30.Rxa4 Qxa4 31.cxd6 f5 32.Bc5 Qa8 33.d7 Rd8 34.d6 Qd5 35.Bb4 e4 36.fxe4 fxe4
37.Qf4 Qd4+ 38.Kh2  0-1

[Event "ESP-chT Div 1"]
[Site "Cala Galdana"]
[Date "1999.11.13"]
[Round "6"]
[White "Gonzalez Velez, Fermin"]
[Black "Gual Pascual, Antonio"]
[Result "1-0"]
[WhiteElo "2344"]
[BlackElo "2389"]

1.e4 c5 2.Nf3 d6 3.d4 cxd4 4.Nxd4 Nf6 5.Nc3 a6 6.Be3 e5 7.Nb3 Be6 8.f4 Qc7
9.f5 Bc4 10.Qf3 b5 11.Bxc4 Qxc4 12.O-O-O Nbd7 13.Kb1 Rc8 14.Nd2 Qc6 15.Rc1 b4
16.Nd5 Nxd5 17.exd5 Qb5 18.Rhd1 Nf6 19.Ne4 Nxe4 20.Qxe4 Be7 21.Qd3 Qb7 22.g4 h6
23.Qd2 Rc4 24.Rg1 Bf6 25.Rcd1 a5 26.Qe2 Rc8 27.g5 hxg5 28.Bxg5 Ke7 29.h4 Qc7
30.Rg4 Qb7 31.Re4 Rc5 32.Qg2 Rhc8 33.Rxe5+ Kf8 34.Bxf6 dxe5 35.Qxg7+  1-0

[Event "ch-ESP (team) Div 2"]
[Site "Cala Galdana ESP"]
[Date "1999.11.14"]
[Round "7"]
[White "Barlov,D"]
[Black "Suarez Roa,J"]
[Result "1-0"]
[WhiteElo "2485"]
[BlackElo "2241"]

1.e4 c5 2.Nf3 d6 3.d4 cxd4 4.Nxd4 Nf6 5.Nc3 a6 6.Be3 Ng4 7.Bg5 h6 8.Bh4 g5
9.Bg3 Bg7 10.Be2 h5 11.Bxg4 Bxg4 12.f3 Bd7 13.Bf2 Nc6 14.Nd5 Rc8 15.Qd2 e6
16.Nxc6 Rxc6 17.Nb4 Rc4 18.c3 Qa5 19.O-O Be5 20.Rfd1 Ba4 21.Re1 Bd7 22.Rad1 h4
23.Nd3 Rg8 24.Nxe5 Qxe5 25.Qxd6 Qxd6 26.Rxd6 e5 27.Red1  1-0

[Event "V Open"]
[Site "Lisbon POR"]
[Date "1999.11.20"]
[Round "8"]
[White "Damaso,R"]
[Black "Ubilava,E"]
[Result "1-0"]
[WhiteElo "2399"]
[BlackElo "2556"]

1.e4 c5 2.Nf3 d6 3.d4 cxd4 4.Nxd4 Nf6 5.Nc3 a6 6.Be3 e5 7.Nb3 Be6 8.Qd2 Nbd7
9.f3 h5 10.Nd5 Bxd5 11.exd5 g6 12.Rd1 Bg7 13.Qb4 Qc7 14.Na5 O-O 15.Nc4 Ne8
16.Be2 b5 17.Na5 Qxc2 18.Rc1 Qa4 19.Qd2 Qxa2 20.O-O e4 21.Rc2 b4 22.Qxb4 Rb8  1-0

[Event "Extraliga CZE"]
[Site "Ostrava CZE"]
[Date "1999.11.21"]
[Round "4"]
[White "Jirovsky,Pe"]
[Black "Sobek,J"]
[Result "1/2-1/2"]
[WhiteElo "2351"]
[BlackElo "2295"]

1.e4 c5 2.Nf3 d6 3.d4 cxd4 4.Nxd4 Nf6 5.Nc3 a6 6.Be3 e5 7.Nb3 Be6 8.f3 h5
9.Be2 Nbd7 10.O-O Rc8 11.a4 Be7 12.a5 Nc5 13.Nxc5 dxc5 14.Qc1 c4 15.Rd1 Qc7
16.Ra4 Qc6 17.Kh1 O-O 18.Bb6 Nd7 19.Qe3 Rfe8 20.Qf2 Bg5 21.Rb4 Be7 22.Ra4 Bg5
23.Rb4 Be7 24.Ra4  1/2-1/2

[Event "Eu Team Ch"]
[Site "Batumi GEO"]
[Date "1999.11.29"]
[Round "1"]
[White "Kobalija,M"]
[Black "Gadjily,R"]
[Result "1-0"]
[WhiteElo "2573"]
[BlackElo "2443"]

1.e4 c5 2.Nf3 d6 3.d4 cxd4 4.Nxd4 Nf6 5.Nc3 a6 6.Be3 e5 7.Nb3 Be6 8.f3 Nbd7
9.g4 h6 10.Qd2 b5 11.O-O-O Nb6 12.Qf2 Nfd7 13.Kb1 Be7 14.h4 Qc7 15.Nd5 Bxd5
16.exd5 Rb8 17.f4 Nf6 18.Qg2 h5 19.gxh5 Nxh5 20.fxe5 dxe5 21.Na5 Bd6 22.Nc6 Rb7
23.Be2 g6 24.Nxe5 Bxe5 25.d6 Bxd6 26.Rxd6 Nc4 27.Rc6 Qb8 28.Bxc4 bxc4 29.Bc5  1-0

[Event "Eu Team Ch"]
[Site "Batumi GEO"]
[Date "1999.12.04"]
[Round "5"]
[White "Pelletier,Y"]
[Black "Kempinski,R"]
[Result "0-1"]
[WhiteElo "2479"]
[BlackElo "2549"]

1.e4 c5 2.Nf3 d6 3.d4 cxd4 4.Nxd4 Nf6 5.Nc3 a6 6.Be3 Ng4 7.Bg5 h6 8.Bh4 g5
9.Bg3 Bg7 10.Be2 h5 11.Bxg4 Bxg4 12.f3 Bd7 13.Bf2 Nc6 14.O-O e6 15.Nde2 Qe7
16.Na4 Ne5 17.Nb6 Rd8 18.Bd4 Bc6 19.c4 Rg8 20.Nc3 Qf6 21.Kh1 Qh6 22.Qe2 h4
23.h3 Ng6 24.Bxg7 Qxg7 25.Qe3 Qe5 26.Rfe1 Nf4 27.Rad1 f5 28.Qd4 Qxd4 29.Rxd4 fxe4
30.Nxe4 Bxe4 31.Rdxe4 Kf7 32.Rd4 d5 33.cxd5 exd5 34.Red1 Rg6 35.Na4 Re6 36.Nc3 Re5
37.a4 Ke6 38.Kh2 Rc8 39.Kg1 Rc4 40.Kf1 Rxd4 41.Rxd4 Re3 42.Rb4 b5 43.Nd1 Rd3
44.Nc3 bxa4 45.Rxa4 Rd2 46.Rxa6+ Ke5 47.Ra5 Rxb2 48.Ne4 Rxg2 49.Nf2 Rg3 50.Ra3 Kf5  0-1